<?xml version="1.0" encoding="UTF-8"?>
<record
    xmlns:xsi="http://www.w3.org/2001/XMLSchema-instance"
    xsi:schemaLocation="http://www.loc.gov/MARC21/slim http://www.loc.gov/standards/marcxml/schema/MARC21slim.xsd"
    xmlns="http://www.loc.gov/MARC21/slim">

  <leader>03219nam a2200565 a 4500</leader>
  <controlfield tag="003">Mxchpua</controlfield>
  <controlfield tag="005">20250506181822.0</controlfield>
  <controlfield tag="007">ta</controlfield>
  <controlfield tag="008">250116s2023    mx bdo|fs|||| 001 0 spa d</controlfield>
  <datafield tag="040" ind1=" " ind2=" ">
    <subfield code="a">mxchpua</subfield>
  </datafield>
  <datafield tag="090" ind1=" " ind2=" ">
    <subfield code="a">T.C.932</subfield>
    <subfield code="b">A43 IA</subfield>
    <subfield code="c">2023</subfield>
  </datafield>
  <datafield tag="245" ind1="1" ind2=" ">
    <subfield code="a">Reporte final de Introducci&#xF3;n a la agroindustria en los estados de:</subfield>
    <subfield code="b">M&#xE9;xico, Quer&#xE9;taro, Zacatecas y Jalisco /</subfield>
    <subfield code="c">coordinadores Alfredo Alavez Solorzano y Mar&#xED;a Ofelia Buend&#xED;a Gonz&#xE1;lez ; colaboradores Emmanuel Barrera Hern&#xE1;ndez... [y otros]</subfield>
  </datafield>
  <datafield tag="260" ind1=" " ind2=" ">
    <subfield code="a">Chapingo, M&#xE9;xico :</subfield>
    <subfield code="b">El autor,</subfield>
    <subfield code="c">2023</subfield>
  </datafield>
  <datafield tag="300" ind1=" " ind2=" ">
    <subfield code="a">1 recurso en l&#xED;nea (292 p&#xE1;ginas) :</subfield>
    <subfield code="b">mapas, gr&#xE1;ficas, diagramas, tablas, fotos</subfield>
  </datafield>
  <datafield tag="336" ind1=" " ind2=" ">
    <subfield code="2">rdacontent</subfield>
    <subfield code="a">texto</subfield>
    <subfield code="b">txt</subfield>
  </datafield>
  <datafield tag="337" ind1=" " ind2=" ">
    <subfield code="2">rdamedia</subfield>
    <subfield code="a">computadora</subfield>
    <subfield code="b">c</subfield>
  </datafield>
  <datafield tag="338" ind1=" " ind2=" ">
    <subfield code="2">rdacarrier</subfield>
    <subfield code="a">recurso en l&#xED;nea</subfield>
    <subfield code="b">cr</subfield>
  </datafield>
  <datafield tag="500" ind1=" " ind2=" ">
    <subfield code="a">Grado 4&#xB0; : Grupo 4
Directorio: p&#xE1;gina 285</subfield>
  </datafield>
  <datafield tag="502" ind1=" " ind2=" ">
    <subfield code="a">Viaje de Estudios</subfield>
    <subfield code="b">(IA) --</subfield>
    <subfield code="c">UACh. Departamento de Ingenier&#xED;a Agroindustrial,</subfield>
    <subfield code="d">2023</subfield>
  </datafield>
  <datafield tag="504" ind1=" " ind2=" ">
    <subfield code="a">Bibliograf&#xED;a: p&#xE1;ginas 288-292</subfield>
  </datafield>
  <datafield tag="505" ind1="0" ind2="0">
    <subfield code="a">Visitas:</subfield>
    <subfield code="t">1. Marca Tetitla --
2. Chocolates Villa Tlaloc --
3. Teotihuacanos --
4. Chicome --
5. Destiler&#xED;a Abasolo --
6. Quesos Don Marcelo --
7. Quesos Katy --
8. Nuestra Rompeper&#xED;a --
9. Nutri Sow --
10. Vi&#xF1;edo "Tierra de Alonso" --
11. Pollos Queretaro --
12. Rastro TIF-412 --
13. Cervecer&#xED;a "Cuatro Palos" --
14. Leche Natulec --
15. Inulina y miel de agave --
16. Ingenio "San Francisco Ameca, S.A. de C.V." --
17. Industrializadora Oleofinos, S.A. de C.V. --
18. Chocolates Nueva Galicia --
19. Vi&#xF1;edo Campo Real --
20. Grupo Modelo --
21. Deshidratadora Termosolar (INIFAP-Zacatecas)</subfield>
  </datafield>
  <datafield tag="650" ind1="1" ind2="3">
    <subfield code="a">Industria de licores</subfield>
    <subfield code="9">161687</subfield>
    <subfield code="z">M&#xE9;xico</subfield>
  </datafield>
  <datafield tag="650" ind1="1" ind2="3">
    <subfield code="a">Industria quesera</subfield>
    <subfield code="z">M&#xE9;xico</subfield>
    <subfield code="9">155201</subfield>
  </datafield>
  <datafield tag="650" ind1="1" ind2="7">
    <subfield code="a">Industria lechera</subfield>
    <subfield code="z">M&#xE9;xico</subfield>
    <subfield code="9">57847</subfield>
  </datafield>
  <datafield tag="650" ind1="1" ind2="3">
    <subfield code="a"> Industria del cacao</subfield>
    <subfield code="z">M&#xE9;xico</subfield>
    <subfield code="9">185308</subfield>
  </datafield>
  <datafield tag="650" ind1="1" ind2="3">
    <subfield code="a">Industria cervecera</subfield>
    <subfield code="z">M&#xE9;xico  </subfield>
    <subfield code="9">149284</subfield>
  </datafield>
  <datafield tag="650" ind1="1" ind2="3">
    <subfield code="a">Industria de la destiler&#xED;a</subfield>
    <subfield code="z">M&#xE9;xico</subfield>
    <subfield code="9">150300</subfield>
  </datafield>
  <datafield tag="650" ind1="1" ind2="3">
    <subfield code="a">Industria del ganado y de la carne</subfield>
    <subfield code="z">M&#xE9;xico  </subfield>
    <subfield code="9">147829</subfield>
  </datafield>
  <datafield tag="650" ind1="1" ind2="3">
    <subfield code="a">Industria de la grasa y del aceite</subfield>
    <subfield code="z">M&#xE9;xico</subfield>
    <subfield code="9">189835</subfield>
  </datafield>
  <datafield tag="650" ind1="1" ind2="3">
    <subfield code="a">Edulcorantes</subfield>
    <subfield code="x">Industria y comercio</subfield>
    <subfield code="z">M&#xE9;xico   </subfield>
    <subfield code="9">155253</subfield>
  </datafield>
  <datafield tag="650" ind1="1" ind2="7">
    <subfield code="a">Industria azucarera</subfield>
    <subfield code="z">M&#xE9;xico</subfield>
    <subfield code="9">57791</subfield>
  </datafield>
  <datafield tag="650" ind1="1" ind2="3">
    <subfield code="a">Industria alimentaria</subfield>
    <subfield code="z">M&#xE9;xico  </subfield>
    <subfield code="9">150299</subfield>
  </datafield>
  <datafield tag="650" ind1="1" ind2="3">
    <subfield code="a">Industria de productos hort&#xED;colas</subfield>
    <subfield code="z">M&#xE9;xico  </subfield>
    <subfield code="9">156980</subfield>
  </datafield>
  <datafield tag="650" ind1="1" ind2="r">
    <subfield code="a">Liquor industry</subfield>
    <subfield code="9">176404</subfield>
  </datafield>
  <datafield tag="650" ind1="1" ind2="3">
    <subfield code="a">Cheese industry</subfield>
    <subfield code="z">Mexico</subfield>
    <subfield code="9">155200</subfield>
  </datafield>
  <datafield tag="650" ind1="1" ind2="3">
    <subfield code="a">Dairy industry</subfield>
    <subfield code="z">Mexico</subfield>
    <subfield code="9">152363</subfield>
  </datafield>
  <datafield tag="650" ind1="1" ind2="3">
    <subfield code="a">Cocoa industry</subfield>
    <subfield code="z">Mexico</subfield>
    <subfield code="9">150788</subfield>
  </datafield>
  <datafield tag="650" ind1="1" ind2="3">
    <subfield code="a">Brewing industry</subfield>
    <subfield code="z">M&#xE9;xico  </subfield>
    <subfield code="9">149282</subfield>
  </datafield>
  <datafield tag="650" ind1="1" ind2="3">
    <subfield code="a">Distilling industry</subfield>
    <subfield code="z">Mexico</subfield>
    <subfield code="9">150297</subfield>
  </datafield>
  <datafield tag="650" ind1="1" ind2="3">
    <subfield code="a">Livestock and meat industry</subfield>
    <subfield code="z">Mexico  </subfield>
    <subfield code="9">147830</subfield>
  </datafield>
  <datafield tag="650" ind1="1" ind2="3">
    <subfield code="a">Fats and oils industry</subfield>
    <subfield code="z">Mexico  </subfield>
    <subfield code="9">156440</subfield>
  </datafield>
  <datafield tag="650" ind1="1" ind2="0">
    <subfield code="a">Sweeteners</subfield>
    <subfield code="x">Industry and trade</subfield>
    <subfield code="z">Mexico</subfield>
    <subfield code="9">155254</subfield>
  </datafield>
  <datafield tag="650" ind1="1" ind2="3">
    <subfield code="z">Mexico  </subfield>
    <subfield code="9">148429</subfield>
  </datafield>
  <datafield tag="650" ind1="1" ind2="3">
    <subfield code="a">Feed industry</subfield>
    <subfield code="z">Mexico  </subfield>
    <subfield code="9">150298</subfield>
  </datafield>
  <datafield tag="650" ind1="1" ind2="3">
    <subfield code="a">Horticultural products industry  </subfield>
    <subfield code="z">Mexico</subfield>
    <subfield code="9">151276</subfield>
  </datafield>
  <datafield tag="700" ind1="1" ind2=" ">
    <subfield code="a">Alavez Sol&#xF3;rzano, Alfredo</subfield>
    <subfield code="9">185676</subfield>
    <subfield code="e">coordinador</subfield>
  </datafield>
  <datafield tag="700" ind1="1" ind2=" ">
    <subfield code="a">Buend&#xED;a Gonz&#xE1;lez, Mar&#xED;a Ofelia</subfield>
    <subfield code="9">150532</subfield>
    <subfield code="e">coordinadora</subfield>
  </datafield>
  <datafield tag="700" ind1="1" ind2=" ">
    <subfield code="a">Barrera Hern&#xE1;ndez, Emmanuel</subfield>
    <subfield code="9">189836</subfield>
    <subfield code="e">colaborador</subfield>
  </datafield>
  <datafield tag="856" ind1="4" ind2="0">
    <subfield code="u">http://10.13.5.2/ve/TC932_IA/TC932_IA_2023-REPORTE.pdf</subfield>
    <subfield code="y">DESCARGAR REPORTE</subfield>
  </datafield>
  <datafield tag="999" ind1=" " ind2=" ">
    <subfield code="c">220335</subfield>
    <subfield code="d">220335</subfield>
  </datafield>
  <datafield tag="952" ind1=" " ind2=" ">
    <subfield code="0">0</subfield>
    <subfield code="1">0</subfield>
    <subfield code="2">local</subfield>
    <subfield code="4">0</subfield>
    <subfield code="7">0</subfield>
    <subfield code="8">VEE</subfield>
    <subfield code="a">IA_</subfield>
    <subfield code="b">IA_</subfield>
    <subfield code="c">E_L</subfield>
    <subfield code="d">2025-01-16</subfield>
    <subfield code="e">El autor</subfield>
    <subfield code="l">0</subfield>
    <subfield code="o">T.C.932 A43 IA 2023</subfield>
    <subfield code="p">1206015137</subfield>
    <subfield code="r">2025-01-16 13:03:38</subfield>
    <subfield code="w">2025-01-16</subfield>
    <subfield code="y">VEE</subfield>
  </datafield>
</record>
